| Tag |
First Indicator |
Second Indicator |
Subfields |
| LEADER |
00000cam a2200000 4500 |
| 001 |
in00000054589 |
| 005 |
20151008052050.0 |
| 008 |
720405s1956 nbu b 00000 eng u |
| 010 |
|
|
|a 56007647
|
| 035 |
|
|
|a (OCoLC)00276423
|
| 035 |
|
|
|9 AAH1493AM
|
| 040 |
|
|
|c CSU
|d OCL
|d TXA
|d UtOrBLW
|
| 049 |
|
|
|a TXAM
|c [281277]
|
| 090 |
|
|
|a HC106
|b .A385 1956
|
| 092 |
|
|
|a 338
|b A397i
|
| 100 |
1 |
|
|a Alexandersson, Gunnar.
|
| 245 |
1 |
4 |
|a The industrial structure of American cities ;
|b a geographic study of urban economy in the United States.
|
| 264 |
|
1 |
|a Lincoln :
|b University of Nebraska Press,
|c [1956]
|
| 300 |
|
|
|a 133p :
|b maps(part folded,part color)diagrams,tables. ;
|c 26cm.
|
| 336 |
|
|
|a text
|b txt
|2 rdacontent
|
| 337 |
|
|
|a unmediated
|b n
|2 rdamedia
|
| 338 |
|
|
|a volume
|b nc
|2 rdacarrier
|
| 504 |
|
|
|a Bibliographical footnotes.
|
| 650 |
|
0 |
|a Industries
|z United States.
|
| 999 |
|
|
|a MARS
|
| 999 |
f |
f |
|s b694d039-6e24-3fed-ac4d-0eb9c98815c9
|i 894da396-051e-3ac1-a740-4fbd7ca50b95
|t 0
|
| 952 |
f |
f |
|p ric
|a Texas A&M University
|b Rellis Campus
|c Joint Library Facility
|d Remote Storage
|t 0
|e HC106 .A385 1956
|h Library of Congress classification
|i unmediated -- volume
|m A14800754004
|
| 998 |
f |
f |
|a HC106 .A385 1956
|t 0
|l Remote Storage
|